Concurso de autobiografías campesinas costarricenses -documento de divulgación general-

Guardat en:
Dades bibliogràfiques
Autor corporatiu: UNA. FCS. Escuela de Planificación y Promoción Social
Format: Text
Publicat: Heredia :
Etiquetes: Afegir etiqueta
Sense etiquetes, Sigues el primer a etiquetar aquest registre!

MARC

LEADER 00000 a a2200000 04500
001 16720
003
040
090 |a 003900  
110 |a UNA. FCS. Escuela de Planificación y Promoción Social  
245 |a Concurso de autobiografías campesinas costarricenses -documento de divulgación general-  
260 |a Heredia :  
300 |a 5 p.  
999 |c 12539  |d 12539